000 00419nam a22001697a 4500
003 MPLRDC
005 20220104143210.0
008 210129b ||||| |||| 00| 0 eng d
082 _a411.3 WBX
100 _a王本祥编著
245 _a蜜峰产品的医疗效能
_c
250 _a一版一刷
260 _a
_b吉林人民出版社
_c1981
300 _b
650 _a营养与食品
942 _cBK
_o411.3 WBX
999 _c37578
_d37568